Vykazovanie vlastníckych transakcií v účtovnej jednotke diplomová práca

Salvato in:
Dettagli Bibliografici
Autore principale: Jablonková, Martina
Ente Autore: Fakulta hospodárskej informatiky EU. Katedra účtovníctva a audítorstva
Altri autori: Mateášová, Martina, 1979-
Natura: Libro
Lingua:slovacco
Pubblicazione: Bratislava 2009
Tags: Aggiungi Tag
Nessun Tag, puoi essere il primo ad aggiungerne!!

MARC

LEADER 00000nam$a2200000$$$4500
001 0097506
005 20240318135040.3
041 0 |a slo 
044 |a SK 
245 1 0 |a Vykazovanie vlastníckych transakcií v účtovnej jednotke  |b diplomová práca  |c Martina Jablonková ; škol. Martina Mateášová 
264 1 |a Bratislava  |c 2009 
300 |a 67 s. 
100 1 |a Jablonková, Martina 
700 1 |a Mateášová, Martina, 1979- 
710 2 |a Fakulta hospodárskej informatiky EU. Katedra účtovníctva a audítorstva